| 000 | 00461cam a22001931 4500 | ||
|---|---|---|---|
| 001 | 744890 | ||
| 005 | 20180111041028.0 | ||
| 008 | 790718s1903 mau 000 0 eng | ||
| 010 | _a 04026925 | ||
| 040 |
_aDLC _cDLC _dDLC |
||
| 041 | _aeng | ||
| 080 | _a371 | ||
| 082 | _2371 MOO | ||
| 100 | 1 | _a46 | |
| 101 | _aEDU | ||
| 245 | 0 | 0 |
_aPrincipia ethica, _cby George Edward Moore ... |
| 906 |
_a7 _bcbc _corignew _du _eocip _f19 _gy-gencatlg |
||
| 942 |
_2ddc _cBK |
||
| 999 |
_c40065 _d40065 |
||